| 000 | 01308nam2a22002771 4500 | ||
|---|---|---|---|
| 001 | v19\rc\1645981 | ||
| 005 | 20260406012202.0 | ||
| 035 | _a(NLR Aleph) 005240929 | ||
| 090 |
_a5703536 _c5703536 |
||
| 100 | _a20061002d1887 |||y0rusy50 ca | ||
| 101 | 0 | _arus | |
| 102 | _aRU | ||
| 105 | _ay z ||||| | ||
| 200 | 0 |
_a... за 1886 год _fСост. секр. Ком. Я. Лудмер |
|
| 210 |
_d1887 _aБ. м. |
||
| 215 | _a[4], 72 с. | ||
| 225 | 1 |
_a... _v[14] |
|
| 461 | 0 |
_1001v19\rc\1645980 _12001#$aОтчет о действиях и занятиях Курляндского губернского статистического комитета...$v... за 1886 год _94570426 _aКурляндский губ. статистический комитет _cМитава _d1887 _tОтчет о действиях и занятиях Курляндского губернского статистического комитета... _v... за 1886 год |
|
| 702 | 1 |
_4220 _7ca _8rus _aЛудмер _bЯ. И. _f19 в. _gЯков Иванович _9100615 _3RU\NLR\AUTH\77117690 |
|
| 801 | 0 |
_aRU _bNLR _c20061002 _gpsbo |
|
| 801 | 0 |
_aRU _bRuMoRGB _c20061002 _2psbo |
|
| 801 | 1 |
_aRU _bProSoft-M _c20061002 _2rusmarc |
|
| 801 | 2 |
_aRU _bNLR _c20121129 _2rusmarc |
|
| 852 |
_aNLR _j18.319.2.155 |
||
| 942 | _cBOOK | ||
| 980 | _aNB | ||